Diderot como pretexto /

محفوظ في:
التفاصيل البيبلوغرافية
المؤلف الرئيسي: Tierno Galván, Enrique (autor)
التنسيق: كتاب
اللغة:الإسبانية
سلاسل:(Cuadernos Taurus)
الموضوعات:
الوسوم: إضافة وسم
لا توجد وسوم, كن أول من يضع وسما على هذه التسجيلة!

MARC

LEADER 00000nam^a2200000^a^4500
001 000071073
005 20250521000000.0
009 20260310091505.163
037 |a Acervo ITESO - Biblioteca 
041 |a ESP 
082 |a 190.  |b TIE 
100 |a Tierno Galván, Enrique  |e (autor) 
245 1 0 |a Diderot como pretexto /  |c E. Tierno Galván. 
264 |a Madrid, España :  |b Taurus,  |c 1965 
300 |a 51 p. 
336 |a texto  |b txt  |2 rdacontenido 
337 |a sin mediación  |b n  |2 rdamedio 
338 |a volumen  |b nc  |2 rdasoporte 
440 1 |a (Cuadernos Taurus) 
649 |a XX 
650 |a Enciclopedia 
650 |a Ilustración (Filosofía) 
650 |a Filosofía Moderna 
910 |a Fondo Armando Suárez Gómez 
920 |a Impresos - Libros 
930 |a Fondos Especiales 
905 |a 111 
901 |a 0700003393  |b IT2  |c ESP  |u 20250521 
902 |a https://opac.biblio.iteso.mx/vufind/Record/000071073